00310nam a2200109 a 45000010005000000030005000050050017000100080041000270400026000682450067000942600039001615225CDMR20130116135306.0130130s2008||||||||||||||||||||||||||||d aCDMRbcatcCPC GIRONA 0aMemòria d'activitats de la Cambra de Comerç de Girona 2007 c2008bCambra de Comerç de Girona